Statistics for Mass Effect Races

Click here to take the quiz!

General Stats

  • This quiz has been taken 1,534 times
  • The average score is 13 of 18

Answer Stats

HintAnswer% Correct
Human
100%
Asari
98%
Salarian
96%
Turian
96%
Prothean
89%
Krogan
86%
Quarian
80%
Geth
79%
Volus
78%
Hanar
76%
Batarian
73%
Drell
73%
Reaper
73%
Elcor
67%
Vorcha
57%
Rachni
50%
Collector
44%
Yahg
23%

Score Distribution

Percentile by Number Answered

Percent of People with Each Score

Your Score History

You have not taken this quiz